| 000 | 00447nam a2200157Ia 4500 | ||
|---|---|---|---|
| 008 | 231217s9999 xx 000 0 und d | ||
| 041 | _aEnglish | ||
| 082 | _a651.4 PEN;4 | ||
| 100 | _aPenrose, John M Rosberry. Robert W Myers, Robert J. | ||
| 245 | 0 | _aAdvanced business communication | |
| 250 | _a4th ed. | ||
| 260 |
_c2001 _bOhio : South-Western College, |
||
| 300 | _axiii+448 | ||
| 650 | _aAdvanced,business,communication | ||
| 942 | _cAA | ||
| 999 |
_c169227 _d169227 |
||